00873nam a22002297a 450000500170000001000130001702000220003003500130005203700160006504000120008108200200009324501170011326000470023027000550027730000250033265000350035765000400039270000240043294200290045699900190048595201390050420170124105959.0 aB-035220 a0195653793c00.00 aB-035220 bCen Lib/Ret aDPLbEN a347.954035bSUP aSupreme but not infallible :cedited by B.N. Kripal...[et al.]bessays in honour of the supreme court of india / aNew Delhi bOxford university Press c2000 aYMCA building, jai singh road bNew Delhi e110001 axiv, 481p.c21cm(Hb) aSupreme court of india 915354 aPublic law and constitution 915355 aKripal, B.N.915336 2ddccENh347.954035mSUP c125735d125735 00104070aLbLd2015-06-23eCen Lib/Retg0.00l2o347.954035 SUPpB-035220r2019-10-03 00:00:00s2019-09-23t1v0.00w2015-06-23yEN